[Event "SVK-ch op"]
[Site "?"]
[Date "2000.08.27"]
[Round "1"]
[White "Severgin Valentin"]
[Black "Likavsky Tomas"]
[Result "0-1"]
[WhiteElo "2270"]
[BlackElo "2409"]
[PlyCount "72"]
[EventDate "2000.??.??"]
[Source "www.chesslib.no"]
[SourceDate "2004.05.04"]

1. e4 c5 2. Nc3 Nc6 3. g3 g6 4. Bg2 Bg7 5. d3 e6 6. Be3 Nd4 7. Nce2 Ne7 8. c3 Nxe2 9. Nxe2 Qc7 10. d4 d6 11. Qd2 h5 12. h3 b6 13. O-O Bb7 14. dxc5 bxc5 15. Bf4 e5 16. Bg5 f6 17. Be3 f5 18. Rad1 O-O-O 19. exf5 gxf5 20. Bg5 h4 21. Bxb7+ Qxb7 22. Kh2 d5 23. Bxh4 Rd6 24. Qe3 d4 25. cxd4 cxd4 26. Qd3 Re6 27. Rc1+ Kb8 28. Bxe7 Qxe7 29. Rc5 Qb7 30. h4 Rg6 31. Qb3 Rb6 32. Qc4 Bf6 33. Ng1 Bxh4 34. gxh4 Rxh4+ 35. Nh3 Rxh3+ 36. Kxh3 Qf3+ 0-1

[Event "CSR Team Ch"]
[Site "Czekhoslovakia"]
[Date "1989.??.??"]
[Round "?"]
[White "Hracek, Zbynek"]
[Black "Zabystrzan, Pavel"]
[Result "1-0"]
[WhiteElo "2380"]
[BlackElo "2290"]
[PlyCount "93"]
[EventDate "1989.??.??"]
[Source "www.chesslib.no"]
[SourceDate "2004.05.04"]

1. e4 c5 2. Nc3 Nc6 3. g3 g6 4. Bg2 Bg7 5. d3 e6 6. Be3 Nd4 7. Nce2 Ne7 8. c3 Nxe2 9. Nxe2 b6 10. Qd2 Qc7 11. Bh6 Bxh6 12. Qxh6 Ba6 13. Rd1 Nc6 14. O-O Ne5 15. Nc1 O-O-O 16. Rfe1 f5 17. d4 Ng4 18. Qd2 Rhf8 19. f3 Nf6 20. e5 Nd5 21. f4 Ne7 22. dxc5 Qxc5+ 23. Kh1 Bb7 24. Nb3 Bxg2+ 25. Qxg2 Qc6 26. Rd6 Qxg2+ 27. Kxg2 Kc7 28. a4 Nc6 29. Nd4 Nb8 30. a5 bxa5 31. Ra1 Nc6 32. Rxc6+ dxc6 33. Nxe6+ Kb6 34. Nxf8 Rxf8 35. Rd1 Rf7 36. Kh3 Kc5 37. Kh4 Rb7 38. Rd2 h6 39. g4 Re7 40. gxf5 gxf5 41. Kh5 Rg7 42. e6 Re7 43. Re2 Kc4 44. Kg6 Kd3 45. Re5 Kc2 46. Kf6 Re8 47. Rxa5 1-0

[Event "BL2-O 9697"]
[Site "?"]
[Date "1997.??.??"]
[Round "?"]
[White "Peters Andreas"]
[Black "Tischer Guenter"]
[Result "1/2-1/2"]
[WhiteElo "2315"]
[BlackElo "2345"]
[PlyCount "84"]
[EventDate "1997.??.??"]
[Source "www.chesslib.no"]
[SourceDate "2004.05.04"]

1. e4 c5 2. Nc3 Nc6 3. g3 g6 4. Bg2 Bg7 5. d3 e6 6. Be3 Nd4 7. Nce2 Ne7 8. c3 Nxe2 9. Nxe2 b6 10. d4 cxd4 11. Bxd4 e5 12. Be3 d6 13. Qd2 Be6 14. O-O Qc7 15. b3 Rd8 16. c4 O-O 17. Rad1 f5 18. f3 Qb8 19. Nc3 f4 20. Bf2 g5 21. Nb5 Rf7 22. Rc1 g4 23. gxf4 gxf3 24. Bxf3 Bh6 25. Kh1 a6 26. Nc3 Bxf4 27. Be3 Ng6 28. Bh5 Bxe3 29. Qxe3 Rxf1+ 30. Rxf1 Nf4 31. Rg1+ Kh8 32. Bg4 Bxg4 33. Rxg4 Rf8 34. Nd5 Nxd5 35. cxd5 Rf1+ 36. Rg1 Qf8 37. Qg3 b5 38. b4 Rf4 39. Qg2 Rf2 40. Qg4 Rf4 41. Qg2 Rf2 42. Qg4 Rf4 1/2-1/2

[Event "BL2-S 9293"]
[Site "GER"]
[Date "1993.??.??"]
[Round "?"]
[White "Dudek, Richard"]
[Black "Roeder, Frank"]
[Result "1/2-1/2"]
[WhiteElo "2270"]
[BlackElo "2390"]
[PlyCount "112"]
[EventDate "1992.10.??"]
[Source "www.chesslib.no"]
[SourceDate "2004.05.04"]

1. e4 c5 2. Nc3 Nc6 3. g3 g6 4. Bg2 Bg7 5. d3 e6 6. Be3 Nd4 7. Nce2 Nxe2 8. Nxe2 d6 9. c3 Ne7 10. O-O O-O 11. Qd2 Rb8 12. d4 b6 13. b4 Ba6 14. Rab1 cxb4 15. cxb4 Qd7 16. Rfc1 Rbc8 17. Nc3 Bc4 18. Rc2 d5 19. e5 Rc7 20. Rbc1 Rfc8 21. h4 h5 22. f3 Nf5 23. Bf4 Bf8 24. a3 b5 25. Nd1 a5 26. Ne3 axb4 27. axb4 Ra7 28. Nxf5 exf5 29. Bh6 Be7 30. Bg5 Ra4 31. Rb2 Rca8 32. Bxe7 Qxe7 33. Bf1 f4 34. Qxf4 Rxb4 35. Rxb4 Qxb4 36. g4 Ra2 37. gxh5 Qd2 38. Qxd2 Rxd2 39. hxg6 fxg6 40. Bh3 Rxd4 41. Ra1 Rd2 42. h5 gxh5 43. Ra8+ Kg7 44. f4 Re2 45. Ra7+ Kf8 46. Ra8+ Ke7 47. Ra7+ Kd8 48. Rd7+ Ke8 49. Rc7 h4 50. Rc8+ Kf7 51. Bf5 d4 52. Rc7+ Kf8 53. Rc8+ Kg7 54. Rc7+ Kg8 55. Rc8+ Kg7 56. Rc7+ Kf8 1/2-1/2

[Event "Leiner op"]
[Site "?"]
[Date "1996.??.??"]
[Round "7"]
[White "Rogulj Branko"]
[Black "Doskocil Klaus"]
[Result "1-0"]
[WhiteElo "2415"]
[BlackElo "2240"]
[PlyCount "91"]
[EventDate "1996.??.??"]
[Source "www.chesslib.no"]
[SourceDate "2004.05.04"]

1. e4 c5 2. Nc3 Nc6 3. g3 g6 4. Bg2 Bg7 5. d3 e6 6. Be3 Nd4 7. Nce2 e5 8. c3 Ne6 9. Nh3 Ne7 10. f4 d6 11. O-O f5 12. d4 cxd4 13. cxd4 Qb6 14. Ng5 Nxg5 15. fxg5 Nc6 16. Nc3 O-O 17. Nd5 Qd8 18. dxe5 dxe5 19. Bc5 Rf7 20. Ne7+ Rxe7 21. Qxd8+ Nxd8 22. Bxe7 Nc6 23. Bc5 Be6 24. Rae1 Rc8 25. exf5 Bxf5 26. Bd5+ Kh8 27. Be4 Be6 28. b3 b6 29. Bxc6 bxc5 30. Be4 c4 31. Rc1 Bf8 32. bxc4 Bc5+ 33. Kh1 Be3 34. Rc2 Rxc4 35. Rxc4 Bxc4 36. Rf8+ Kg7 37. Rf3 Bd4 38. a3 Be2 39. Rb3 Bc4 40. Rb7+ Kg8 41. Rd7 Bb5 42. Bd5+ Kf8 43. Rxh7 Bd3 44. Kg2 a5 45. Kf3 Bf1 46. h4 1-0

[Event "UKR-ch 1/2 fin U18"]
[Site "?"]
[Date "2001.??.??"]
[Round "6"]
[White "Kislinsky Alexey"]
[Black "Truskavetsky Alexandr"]
[Result "0-1"]
[WhiteElo "2412"]
[BlackElo "2243"]
[PlyCount "102"]
[EventDate "2001.??.??"]
[Source "www.chesslib.no"]
[SourceDate "2004.05.04"]

1. e4 c5 2. Nc3 Nc6 3. g3 g6 4. Bg2 Bg7 5. d3 e6 6. Be3 Nd4 7. Nce2 Ne7 8. c3 Nxe2 9. Nxe2 d6 10. Qd2 O-O 11. Bh6 e5 12. h4 f6 13. Bxg7 Kxg7 14. h5 g5 15. h6+ Kh8 16. f4 Ng6 17. O-O-O Bg4 18. Bh3 Bxe2 19. Qxe2 exf4 20. Bf5 fxg3 21. Bxg6 hxg6 22. Qg4 Qe7 23. Qxg3 Rad8 24. Kb1 c4 25. dxc4 Qxe4+ 26. Ka1 Qxc4 27. Rd4 Qc6 28. Rhd1 Rfe8 29. a3 Re6 30. Rd5 Kh7 31. R1d4 b6 32. Qd3 Qe8 33. Qh3 f5 34. c4 g4 35. Qc3 Qe7 36. Ka2 Re3 37. Qd2 g3 38. Rd3 Re2 39. Qc3 g2 40. Rg3 Rd7 41. a4 Rc7 42. a5 Qe4 43. Rd4 Qc2 44. Qb4 bxa5 45. Qb5 a6 46. Qb6 Qa4+ 47. Ra3 Qc6 48. Qxa5 g1=Q 49. Qc3 Qb6 50. Rd2 Rxd2 51. Qxd2 Qbd4 0-1

[Event "Bayern Ch"]
[Site "Marktredwitz"]
[Date "1984.??.??"]
[Round "4"]
[White "Blodig, Reinhard"]
[Black "Kestler, Hans-Guenther"]
[Result "1/2-1/2"]
[WhiteElo "2240"]
[BlackElo "2410"]
[PlyCount "24"]
[EventDate "1984.??.??"]
[Source "www.chesslib.no"]
[SourceDate "2004.05.04"]

1. e4 c5 2. Nc3 Nc6 3. g3 g6 4. Bg2 Bg7 5. d3 e6 6. Be3 Nd4 7. Nce2 Ne7 8. c3 Nxe2 9. Nxe2 d6 10. Qd2 O-O 11. Bh6 e5 12. h4 f6 1/2-1/2

[Event "Legion Open"]
[Site "Warsaw POL"]
[Date "1989.??.??"]
[Round "6"]
[White "Kornasiewicz, Stanislaw"]
[Black "Kaplun, Leonid I"]
[Result "1/2-1/2"]
[WhiteElo "2315"]
[BlackElo "2335"]
[PlyCount "31"]
[EventDate "1989.??.??"]
[Source "www.chesslib.no"]
[SourceDate "2004.05.04"]

1. e4 c5 2. Nc3 Nc6 3. g3 g6 4. Bg2 Bg7 5. d3 e6 6. Be3 Nd4 7. Nce2 Nxe2 8. Nxe2 Bxb2 9. Rb1 Bg7 10. Bxc5 d6 11. Be3 Ne7 12. O-O O-O 13. Qd2 b6 14. f4 Bb7 15. c4 Qd7 16. Nd4 1/2-1/2

[Event "Olympiad"]
[Site "Olympiad Nice"]
[Date "1974.??.??"]
[Round "?"]
[White "Bouaziz, Slim"]
[Black "Cordovil, Joao"]
[Result "1-0"]
[WhiteElo "2365"]
[BlackElo "2285"]
[PlyCount "75"]
[EventDate "1974.??.??"]
[Source "www.chesslib.no"]
[SourceDate "2004.05.04"]

1. e4 c5 2. Nc3 Nc6 3. g3 g6 4. Bg2 Bg7 5. d3 e6 6. Be3 Nd4 7. Nce2 Ne7 8. c3 Nxe2 9. Nxe2 Qc7 10. Qd2 h5 11. O-O h4 12. d4 d6 13. b4 c4 14. f4 hxg3 15. Nxg3 Bd7 16. f5 exf5 17. exf5 Bxf5 18. Nxf5 Nxf5 19. Bg5 f6 20. Rae1+ Kd7 21. Qc2 Rae8 22. Qa4+ Kd8 23. Bf4 Rxe1 24. Rxe1 b6 25. Qb5 Ne7 26. Re6 Nc8 27. Bc6 g5 28. Bg3 f5 29. Qxf5 Qxc6 30. Qxg5+ Kd7 31. d5 Rg8 32. Qf5 Bd4+ 33. cxd4 Rxg3+ 34. hxg3 Qa4 35. Rh6+ Kc7 36. Rh7+ Kb8 37. Qf7 Qd1+ 38. Kh2 1-0

[Event "Kostrena IM"]
[Site "Kostrena"]
[Date "2002.08.31"]
[Round "2"]
[White "Jurkovic, Hrvoje"]
[Black "Levar, Nenad"]
[Result "1-0"]
[WhiteElo "2399"]
[BlackElo "2249"]
[PlyCount "89"]
[EventDate "2002.08.30"]
[Source "ChessBase"]
[SourceDate "2002.11.06"]

1. e4 c5 2. Nc3 Nc6 3. g3 g6 4. Bg2 Bg7 5. d3 e6 6. Be3 Nd4 7. Nce2 Nxe2 8. Nxe2 Bxb2 9. Rb1 Bg7 10. Bxc5 Ne7 11. O-O d6 12. Ba3 O-O 13. Qd2 Qc7 14. c4 Rb8 15. d4 Rd8 16. Rfc1 b6 17. d5 e5 18. Nc3 a6 19. Na4 Bd7 20. Qb4 Nc8 21. c5 a5 22. Qb3 Bxa4 23. Qxa4 dxc5 24. Qc6 Qd6 25. Rc2 Bf8 26. Rcb2 Qd7 27. Qxd7 Rxd7 28. Bh3 Rc7 29. Bxc8 Rcxc8 30. Rxb6 Rxb6 31. Rxb6 f5 32. Rc6 Rxc6 33. dxc6 Bd6 34. Bxc5 Bc7 35. f3 Kf7 36. Kf2 Ke6 37. Ke2 Bd6 38. Bb6 Bb4 39. Kd3 h5 40. h3 Be1 41. g4 fxg4 42. fxg4 hxg4 43. hxg4 Kd6 44. c7 Kd7 45. Kc4 1-0

[Event "FRA-chT 9900"]
[Site "?"]
[Date "2000.04.30"]
[Round "10.2"]
[White "Bricard Emmanuel"]
[Black "Trassaert Stephane"]
[Result "1-0"]
[WhiteElo "2461"]
[BlackElo "2176"]
[PlyCount "71"]
[EventDate "2000.??.??"]
[Source "www.chesslib.no"]
[SourceDate "2004.05.04"]

1. e4 c5 2. Nc3 Nc6 3. g3 g6 4. Bg2 Bg7 5. d3 e6 6. Be3 Nd4 7. Nce2 Nxe2 8. Nxe2 Bxb2 9. Rb1 Bg7 10. Bxc5 d6 11. Be3 Ne7 12. O-O O-O 13. Qd2 Nc6 14. h4 b6 15. h5 Bb7 16. hxg6 hxg6 17. Bh6 Ne5 18. Bxg7 Kxg7 19. f4 Nd7 20. a4 Qc7 21. Rb2 Rac8 22. Qe3 Qc5 23. d4 Qc4 24. g4 f5 25. gxf5 gxf5 26. exf5 Bxg2 27. Kxg2 exf5 28. Ng3 Qd5+ 29. Kg1 Nf6 30. Rb5 Qb7 31. Rxf5 Rxc2 32. d5 Qd7 33. Qd3 Rc7 34. Qd4 Qe7 35. Rxf6 Rxf6 36. Nf5+ 1-0

[Event "Memorial M.Najdorf (open)"]
[Site "Grodzisk Mazowiecki (Poland)"]
[Date "2007.07.24"]
[Round "5"]
[White "Szymanski Andrzej (POL)"]
[Black "Brzeski Maciej (POL)"]
[Result "1-0"]
[WhiteElo "2251"]
[BlackElo "2356"]
[PlyCount "139"]
[EventDate "2007.??.??"]
[Source "www.chesslib.no"]
[SourceDate "2004.05.04"]

1. e4 c5 2. Nc3 Nc6 3. g3 g6 4. Bg2 Bg7 5. d3 e6 6. Be3 Nd4 7. Nce2 Ne7 8. c3 Nxe2 9. Nxe2 b6 10. d4 cxd4 11. cxd4 d5 12. Nc3 Bb7 13. exd5 Nxd5 14. Qa4+ Qd7 15. Qxd7+ Kxd7 16. Nxd5 Bxd5 17. Bxd5 exd5 18. Kd2 Rac8 19. Rac1 h5 20. h3 Rc4 21. b3 Rb4 22. Kd3 a5 23. Rc3 a4 24. Rhc1 Ra8 25. Rc7+ Ke8 26. Rc8+ Rxc8 27. Rxc8+ Kd7 28. Rg8 axb3 29. axb3 Bf6 30. Kc3 Rb5 31. Rf8 Ke6 32. Re8+ Kd7 33. Rf8 Ke6 34. Rb8 Be7 35. Rb7 Bd6 36. Kc2 Bb4 37. g4 hxg4 38. hxg4 Be1 39. f3 Kf6 40. Bc1 Bf2 41. Bb2 Ra5 42. Rxb6+ Kg5 43. b4 Ra7 44. Rd6 Kf4 45. Rxd5 Kxf3 46. g5 Ke4 47. Re5+ Kf4 48. Kd3 Kg4 49. Bc3 Bg3 50. Ra5 Rd7 51. Bd2 Bc7 52. Rb5 Bd8 53. Be3 Be7 54. Ke4 Ra7 55. d5 Ra4 56. Bd2 Ra2 57. Kd3 Bxg5 58. Bxg5 Kxg5 59. d6+ Kf6 60. Rd5 Ra8 61. Kc4 Ke6 62. Rd1 Kd7 63. b5 Rb8 64. Kc5 f5 65. Rh1 f4 66. Rh7+ Ke6 67. Re7+ Kf6 68. Re1 g5 69. d7 f3 70. Re8 1-0

[Event "Barcelona op rap"]
[Site "?"]
[Date "1996.12.14"]
[Round "4"]
[White "Hamdouchi Hichem"]
[Black "Alonso Moyano Jonathan"]
[Result "1-0"]
[WhiteElo "2495"]
[BlackElo "2100"]
[PlyCount "59"]
[EventDate "1996.??.??"]
[Source "www.chesslib.no"]
[SourceDate "2004.05.04"]

1. e4 c5 2. Nc3 Nc6 3. g3 g6 4. Bg2 Bg7 5. d3 e6 6. Be3 Nd4 7. Nce2 Qb6 8. c3 Nxe2 9. Nxe2 Ne7 10. Qd2 O-O 11. h4 Qc7 12. h5 d5 13. Bh6 Qe5 14. Bf4 Qf6 15. Bg5 Qe5 16. Bxe7 Re8 17. Bxc5 Qc7 18. Be3 dxe4 19. dxe4 Bd7 20. hxg6 fxg6 21. O-O Bb5 22. Rfd1 Rad8 23. Qc2 a5 24. Rxd8 Rxd8 25. Rd1 Rxd1+ 26. Qxd1 a4 27. Bh3 Bc4 28. Qxa4 Bxe2 29. Qe8+ Bf8 30. Bxe6+ 1-0

[Event "Zuerich Open"]
[Site "Zurich SUI"]
[Date "1988.??.??"]
[Round "3"]
[White "Kornasiewicz, Stanislaw"]
[Black "Vujovic, Milorad"]
[Result "1-0"]
[WhiteElo "2305"]
[BlackElo "2290"]
[PlyCount "131"]
[EventDate "1988.??.??"]
[Source "www.chesslib.no"]
[SourceDate "2004.05.04"]

1. e4 c5 2. Nc3 Nc6 3. g3 g6 4. Bg2 Bg7 5. d3 e6 6. Be3 Nd4 7. Nce2 Nxe2 8. Nxe2 Bxb2 9. Rb1 Bg7 10. Bxc5 Ne7 11. O-O d6 12. Bd4 O-O 13. Bxg7 Kxg7 14. Qd2 b6 15. f4 Bb7 16. f5 Ng8 17. fxe6 fxe6 18. Rxf8 Qxf8 19. a4 e5 20. a5 Qc8 21. axb6 Nf6 22. h3 Qc5+ 23. Kh2 axb6 24. Qc3 Ra6 25. Qxc5 dxc5 26. Nc3 Bc6 27. Rb2 Kf7 28. Bf1 Nd7 29. h4 Ke7 30. Bh3 Kd6 31. Kg2 Ra3 32. Nb1 Ra6 33. c4 Nf6 34. Kf3 Kc7 35. Ke3 Ne8 36. Be6 Nd6 37. g4 Bd7 38. Bxd7 Kxd7 39. g5 Kc6 40. Rf2 b5 41. cxb5+ Kxb5 42. Nc3+ Kb4 43. Nd5+ Kb3 44. Rf8 Kc2 45. Rf6 Kb3 46. Nc7 Rb6 47. Ne8 Nc8 48. Rf7 Nd6 49. Re7 c4 50. Nxd6 Rxd6 51. dxc4 Kxc4 52. Rc7+ Kb4 53. Rxh7 Rd1 54. Re7 Re1+ 55. Kf3 Rf1+ 56. Kg2 Rf4 57. Rxe5 Rxh4 58. Kg3 Rh5 59. Kg4 Rh8 60. Re6 Rg8 61. Rc6 Kb5 62. Rc1 Rf8 63. Rc3 Rf7 64. Rc8 Re7 65. Kf4 Rf7+ 66. Ke5 1-0

[Event "TCh-FIN 2007-8"]
[Site "Finland FIN"]
[Date "2007.11.17"]
[Round "4"]
[White "Topi Hulmi, T."]
[Black "Hartikainen, M."]
[Result "1/2-1/2"]
[WhiteElo "2277"]
[BlackElo "2310"]
[PlyCount "111"]
[EventDate "2007.10.01"]
[Source "www.chesslib.no"]
[SourceDate "2004.05.04"]

1. e4 c5 2. Nc3 Nc6 3. g3 g6 4. Bg2 Bg7 5. d3 e6 6. Be3 Nd4 7. Nce2 Ne7 8. c3 Nxe2 9. Nxe2 d6 10. Qd2 Nc6 11. Bh6 Bxh6 12. Qxh6 Qf6 13. O-O Bd7 14. f4 O-O-O 15. a3 Qe7 16. b4 f6 17. d4 e5 18. d5 Nb8 19. c4 Rhg8 20. Nc3 Qf8 21. Qxf8 Rdxf8 22. bxc5 dxc5 23. Ra2 Kc7 24. fxe5 fxe5 25. Raf2 Rxf2 26. Rxf2 Rg7 27. Rf8 b6 28. h4 a6 29. Bf1 Bg4 30. Be2 Bxe2 31. Nxe2 Nd7 32. Re8 Rf7 33. Kg2 b5 34. cxb5 axb5 35. Re6 Rf6 36. Nc3 b4 37. axb4 cxb4 38. Nb5+ Kd8 39. Rxf6 Nxf6 40. Kf3 b3 41. Ke3 b2 42. Nc3 Nh5 43. g4 Nf4 44. Kd2 Ng2 45. Kc2 Nxh4 46. Kxb2 Nf3 47. Nd1 Ke7 48. Kc3 Kf6 49. Nf2 Kg5 50. Kc4 Kf6 51. Kc5 Ke7 52. Nd3 h5 53. gxh5 gxh5 54. Kc6 Nd4+ 55. Kc7 Nb5+ 56. Kc6 1/2-1/2

[Event "Artek ol U16"]
[Site "?"]
[Date "2000.09.14"]
[Round "4"]
[White "Baltag Iulian"]
[Black "Korobov Anton"]
[Result "0-1"]
[WhiteElo "2196"]
[BlackElo "2378"]
[PlyCount "90"]
[EventDate "2000.??.??"]
[Source "www.chesslib.no"]
[SourceDate "2004.05.04"]

1. e4 c5 2. Nc3 Nc6 3. g3 g6 4. Bg2 Bg7 5. d3 e6 6. Be3 Nd4 7. Nce2 d6 8. c3 Nxe2 9. Nxe2 Ne7 10. O-O O-O 11. Qd2 Re8 12. Rad1 b6 13. d4 Bb7 14. Bg5 Qc8 15. Bf4 Qc6 16. Bh6 Bh8 17. Nf4 cxd4 18. cxd4 Rac8 19. Ne2 d5 20. e5 Ba6 21. Rc1 Qa4 22. Rxc8 Rxc8 23. Nc3 Qd7 24. Rd1 Nf5 25. g4 Nxh6 26. Qxh6 Qe7 27. a3 Bg7 28. Qe3 Bc4 29. f4 a5 30. Re1 Kh8 31. Qf2 b5 32. f5 Qg5 33. h3 b4 34. axb4 axb4 35. Na4 gxf5 36. gxf5 Bd3 37. f6 Bh6 38. Nc5 Bf5 39. Kh2 Rg8 40. Rf1 Qh5 41. Rg1 Rg4 42. Qf3 Qh4 43. Ra1 Rg8 44. Rf1 Qxd4 45. Nd7 Be4 0-1

[Event "Sancti Spiritus Provincial"]
[Site "?"]
[Date "1999.??.??"]
[Round "?"]
[White "Morella Julio"]
[Black "Martinez Boris"]
[Result "1-0"]
[WhiteElo "2290"]
[BlackElo "2273"]
[PlyCount "101"]
[EventDate "1999.??.??"]
[Source "www.chesslib.no"]
[SourceDate "2004.05.04"]

1. e4 c5 2. Nc3 Nc6 3. g3 g6 4. Bg2 Bg7 5. d3 e6 6. Be3 Nd4 7. Nce2 Ne7 8. c3 Nxe2 9. Nxe2 d6 10. Qd2 Nc6 11. Bh6 Bxh6 12. Qxh6 Qf6 13. O-O Bd7 14. Rad1 O-O-O 15. d4 cxd4 16. cxd4 Kb8 17. Qd2 h5 18. h4 Rhg8 19. f4 d5 20. Nc3 Ne7 21. Rfe1 Bc6 22. e5 Qg7 23. b4 Rc8 24. b5 Be8 25. Rb1 Nf5 26. b6 a6 27. Rec1 Bc6 28. Bf1 f6 29. Bxa6 bxa6 30. b7 Bxb7 31. Na4 fxe5 32. Nc5 Rxc5 33. dxc5 Nd4 34. Rc3 Rc8 35. Qb2 exf4 36. Rb3 Rc7 37. c6 Nxc6 38. Rxb7+ Rxb7 39. Qxg7 Rxb1+ 40. Kg2 fxg3 41. Qxg6 Rb2+ 42. Kxg3 Nd4 43. Qg8+ Kc7 44. Qg7+ Kd6 45. Qxd4 Rb5 46. Kf4 e5+ 47. Qxe5+ Kc5 48. Qc3+ Kb6 49. Qd4+ Ka5 50. Kg5 Rb4 51. Qd2 1-0

[Event "Budapest FS04 IM-A"]
[Site "Budapest"]
[Date "1999.04.10"]
[Round "8"]
[White "Neumeier, Klaus"]
[Black "Farago, Sandor"]
[Result "1/2-1/2"]
[WhiteElo "2248"]
[BlackElo "2314"]
[PlyCount "23"]
[EventDate "1999.04.03"]
[Source "ChessBase"]
[SourceDate "1999.05.10"]

1. e4 c5 2. Nc3 Nc6 3. g3 g6 4. Bg2 Bg7 5. d3 e6 6. Be3 Nd4 7. Nce2 e5 8. c3 Ne6 9. Nh3 Nf6 10. f3 d5 11. O-O O-O 12. Nf2 1/2-1/2

[Event "Bourbon Lancy Open"]
[Site "?"]
[Date "1998.10.28"]
[Round "6"]
[White "Corbet Laurent"]
[Black "Foisor Cristina Adela B"]
[Result "0-1"]
[WhiteElo "2155"]
[BlackElo "2405"]
[PlyCount "60"]
[EventDate "1998.??.??"]
[Source "www.chesslib.no"]
[SourceDate "2004.05.04"]

1. e4 c5 2. Nc3 Nc6 3. g3 g6 4. Bg2 Bg7 5. d3 e6 6. Be3 Nd4 7. Nce2 e5 8. c3 Ne6 9. Qd2 Ne7 10. d4 exd4 11. cxd4 d5 12. Rd1 dxe4 13. d5 Nd4 14. Nxd4 cxd4 15. Bxd4 Bxd4 16. Qxd4 O-O 17. Ne2 Nf5 18. Qxe4 Re8 19. Qb4 Nd6 20. Rd2 a5 21. Qd4 b5 22. b3 b4 23. O-O Ba6 24. Qg4 f5 25. Qf3 Ne4 26. Rfd1 Ng5 27. Qf4 Bxe2 28. Rc1 Re4 29. Rxe2 Rxf4 30. gxf4 Ne4 0-1

[Event "BL2-S 9293"]
[Site "GER"]
[Date "1993.??.??"]
[Round "?"]
[White "Dudek, Richard"]
[Black "Siegel, Georg"]
[Result "1-0"]
[WhiteElo "2270"]
[BlackElo "2285"]
[PlyCount "77"]
[EventDate "1992.10.??"]
[Source "www.chesslib.no"]
[SourceDate "2004.05.04"]

1. e4 c5 2. Nc3 Nc6 3. g3 g6 4. Bg2 Bg7 5. d3 e6 6. Be3 Nd4 7. Nce2 Ne7 8. c3 Nxe2 9. Nxe2 b6 10. O-O d6 11. Qd2 Ba6 12. f4 d5 13. e5 Rc8 14. Bf2 h5 15. b4 c4 16. d4 Ra8 17. a4 Bc8 18. Bf3 a6 19. h3 Nf5 20. Kg2 Kd7 21. Qe1 Kc7 22. a5 Bd7 23. Rh1 bxa5 24. Rxa5 Bb5 25. g4 Ne7 26. Bh4 Qf8 27. Bg5 Kb6 28. Ra1 Nc6 29. gxh5 Ne7 30. Ng3 Nf5 31. Nxf5 gxf5 32. Qh4 Bh6 33. Kf2 a5 34. bxa5+ Rxa5 35. Rxa5 Kxa5 36. Ra1+ Kb6 37. Be7 Qb8 38. Bc5+ Kc6 39. Qe7 1-0

[Event "NOR Ch"]
[Site "Norway"]
[Date "1990.??.??"]
[Round "5"]
[White "Dannevig, Oystein"]
[Black "Scholseth, Tor Kristian"]
[Result "1-0"]
[WhiteElo "2245"]
[BlackElo "2305"]
[PlyCount "67"]
[EventDate "1990.??.??"]
[Source "www.chesslib.no"]
[SourceDate "2004.05.04"]

1. e4 c5 2. Nc3 Nc6 3. g3 g6 4. Bg2 Bg7 5. d3 e6 6. Be3 Nd4 7. Nce2 Ne7 8. c3 Nxe2 9. Nxe2 d6 10. d4 Qc7 11. Qd2 Bd7 12. h4 h5 13. O-O O-O 14. Bh6 Bb5 15. Bxg7 Kxg7 16. Rfd1 Bxe2 17. Qxe2 e5 18. Rd3 cxd4 19. cxd4 Nc6 20. dxe5 dxe5 21. Rc1 Rad8 22. Rd5 Qe7 23. Qb5 Rd6 24. Rxd6 Qxd6 25. Qxb7 Nd4 26. Bf1 Nf3+ 27. Kg2 Rb8 28. Qxa7 Nd4 29. Rc7 Rf8 30. Bc4 Qf6 31. Qa3 g5 32. hxg5 Qxg5 33. Qe7 h4 34. Qxg5+ 1-0

[Event "Budapest HUN"]
[Site "?"]
[Date "1998.??.??"]
[Round "9"]
[White "Pesztericz Laszlo"]
[Black "Jamrich Gyorgy"]
[Result "1-0"]
[WhiteElo "2225"]
[BlackElo "2310"]
[PlyCount "63"]
[EventDate "1998.??.??"]
[Source "www.chesslib.no"]
[SourceDate "2004.05.04"]

1. e4 c5 2. Nc3 Nc6 3. g3 g6 4. Bg2 Bg7 5. d3 e6 6. Be3 Nd4 7. Nce2 Nxe2 8. Nxe2 Bxb2 9. Rb1 Bg7 10. Bxc5 Qa5+ 11. Bb4 Qxa2 12. O-O Qa6 13. c4 Ne7 14. Nc3 Bxc3 15. Bxc3 Rg8 16. Qd2 h5 17. Rb5 d6 18. e5 d5 19. Qg5 Qc6 20. Bb4 Nf5 21. Rc5 Qb6 22. Rb5 Qc6 23. h3 Qd7 24. Ba3 Nd4 25. Rb2 Nc6 26. cxd5 exd5 27. Rb5 d4 28. Rd5 Qe6 29. Rd6 Qe7 30. Bxc6+ bxc6 31. Qxe7+ Kxe7 32. Rxg6+ 1-0

[Event "Budapest FS07 IM-C"]
[Site "Budapest"]
[Date "2002.07.10"]
[Round "5"]
[White "Paci, Cedric"]
[Black "Balster, Stefan"]
[Result "1/2-1/2"]
[WhiteElo "2178"]
[BlackElo "2349"]
[PlyCount "129"]
[EventDate "2002.07.06"]
[Source "ChessBase"]
[SourceDate "2002.09.11"]

1. e4 c5 2. Nc3 Nc6 3. g3 g6 4. Bg2 Bg7 5. d3 e6 6. Be3 Nd4 7. Nce2 d6 8. c3 Nxe2 9. Nxe2 Ne7 10. O-O O-O 11. d4 cxd4 12. Nxd4 a6 13. Qd2 Qc7 14. Rfd1 e5 15. Nc2 Rd8 16. b3 Bg4 17. f3 Be6 18. c4 b5 19. cxb5 axb5 20. Nb4 Qb7 21. Rac1 f6 22. Rc3 Rd7 23. Rd3 Rad8 24. f4 Bf8 25. f5 Bf7 26. g4 g5 27. h4 gxh4 28. g5 Nc6 29. Nd5 Bxd5 30. exd5 Nb8 31. gxf6 Rf7 32. Bg5 Nd7 33. Bxh4 Nxf6 34. Rg3+ Kh8 35. Bf3 Be7 36. Qg2 Qd7 37. Rf1 Rdf8 38. Bg5 Bd8 39. Kh1 Ng8 40. Be4 Bxg5 41. Rxg5 Nf6 42. Qe2 Rg7 43. Rfg1 Rfg8 44. Rxg7 Rxg7 45. b4 Rxg1+ 46. Kxg1 Qa7+ 47. Kf1 Qd4 48. Bg2 Qxb4 49. Qc2 Qc5 50. Qxc5 dxc5 51. d6 Kg7 52. Bc6 Kf7 53. Bxb5 Ne4 54. d7 Ke7 55. Kg2 c4 56. Kf3 Nf6 57. a4 c3 58. Ke3 e4 59. Bc6 Ng4+ 60. Ke2 e3 61. f6+ Nxf6 62. Kxe3 Nxd7 63. Be4 h5 64. Kd4 Nf6 65. Bf5 1/2-1/2

[Event "Maccabia IM 16th"]
[Site "Tel Aviv"]
[Date "2001.07.21"]
[Round "7"]
[White "Carmel, Ephraim"]
[Black "Rinberg, Alexander"]
[Result "0-1"]
[WhiteElo "2197"]
[BlackElo "2328"]
[PlyCount "72"]
[EventDate "2001.07.15"]
[Source "ChessBase"]
[SourceDate "2001.09.11"]

1. e4 c5 2. Nc3 Nc6 3. g3 g6 4. Bg2 Bg7 5. d3 e6 6. Be3 Nd4 7. Nce2 Ne7 8. c3 Nxe2 9. Nxe2 d6 10. O-O e5 11. d4 cxd4 12. cxd4 O-O 13. dxe5 dxe5 14. Bc5 Bf6 15. f4 Bg4 16. Qxd8 Rfxd8 17. Nc3 Rac8 18. fxe5 Bg5 19. Bxa7 Nc6 20. Bb6 Rd2 21. Rf2 Rxf2 22. Bxf2 Nxe5 23. h4 Bh6 24. Nd5 Rc2 25. Bd4 Bf3 26. Bxe5 Rxg2+ 27. Kf1 f5 28. Re1 Bd2 29. Re3 Bxe3 30. Nxe3 Re2 31. Bd4 fxe4 32. a4 Kf7 33. Nc4 Ke6 34. b3 Kd5 35. Be3 Rc2 36. Bh6 Be2+ 0-1

[Event "Ramat Hasharon"]
[Site "Ramat Hasharon"]
[Date "1990.??.??"]
[Round "?"]
[White "Carmel, Ephraim"]
[Black "Barash, Danny"]
[Result "0-1"]
[WhiteElo "2310"]
[BlackElo "2205"]
[PlyCount "120"]
[EventDate "1990.??.??"]
[Source "www.chesslib.no"]
[SourceDate "2004.05.04"]

1. e4 c5 2. Nc3 Nc6 3. g3 g6 4. Bg2 Bg7 5. d3 e6 6. Be3 Nd4 7. Nce2 b6 8. c3 Nc6 9. d4 cxd4 10. Nxd4 Nge7 11. Nb5 O-O 12. Nd6 a5 13. Ne2 Ba6 14. a4 Ne5 15. O-O Nc4 16. Nxc4 Bxc4 17. b3 Ba6 18. Ra2 d5 19. exd5 Nxd5 20. Bd4 e5 21. Bxe5 Bxe5 22. Bxd5 Ra7 23. c4 Qf6 24. Rd2 Re7 25. Rd3 Bc8 26. Bg2 Ree8 27. Nd4 h5 28. Nb5 Bg4 29. f3 Bf5 30. Rd2 Qe7 31. f4 Bg7 32. Nd6 Bg4 33. Bf3 Qe3+ 34. Kg2 Re6 35. Bxg4 hxg4 36. f5 Re5 37. Rd3 Qg5 38. Rd5 Rd8 39. Ne4 Rdxd5 40. Nxg5 Rxd1 41. Rxd1 gxf5 42. Rd8+ Bf8 43. Nh7 Kxh7 44. Rxf8 Kg6 45. Rb8 Re2+ 46. Kg1 Re6 47. Kf2 f4 48. gxf4 Kf5 49. Rb7 f6 50. c5 bxc5 51. Rb5 Kxf4 52. Rxa5 Re5 53. Rb5 Rh5 54. Kg2 Rd5 55. Rb6 Rd2+ 56. Kg1 f5 57. Re6 Rb2 58. Re1 Rxb3 59. Ra1 c4 60. Rc1 c3 0-1